000 00713nam a2200253Ia 4500
003 OSt
005 20220927105146.0
006 a|||||r|||| 00| 0
007 ta
008 220926b |||||||| |||| 00| 0 eng d
020 _a0 521 244412
024 _a187970
037 _cReference Collections
040 _aRTL
_cRTL
_beng
041 _2eng
_aeng
082 _a"Y, M6"
100 _aWellman Barry
_9370617
245 0 _aSocial Structure
_ba network approach
260 _aCambridge
_bCambridge University Press
300 _a"xi, 513p"
_ccm.
700 _a Berkowitz S.D Ed.
_9370618
942 _h"Y, M6"
_cCC
999 _c690957
_d690957